Dekurz a symptómy po parenterálnej aplikácii mikroelementov u hovädzieho dobytka ; A. Orság, A. Káldy, M. Leukut, P. Sviatko, B. Lovas, H. Bednárová

Bibliographic Details
Main Authors: Orság, Andrej, 1929-2010 (Author), Káldy, A. (Author), Leukut, M. (Author), Sviatko, Peter, 1951- (Author), Lovas, B. (Author), Bednárová, H. (Author)
Format: Article
Language:Slovak
Subjects:

MARC

LEADER 00000nab a2200000 a 4500
001 vtls000145901
003 SK-MaSNL
005 20260304031257.0
008 220422c1982 xo 0 slo
015 |a SNBRA19rr/mm-uuuuu 
035 |a CL0156008 
040 |a SNKBUCL  |b slo  |c SNKBUCL  |e AACR2 
041 0 |a slo 
044 |a xo  |c SK 
080 |a 619  |2 1981 
080 |a 616-03  |2 1981 
080 |a 636.22/.283  |2 1981 
245 0 0 |a Dekurz a symptómy po parenterálnej aplikácii mikroelementov u hovädzieho dobytka ; A. Orság, A. Káldy, M. Leukut, P. Sviatko, B. Lovas, H. Bednárová 
650 0 7 |a hovädzí dobytok  |2 snkbucl  |9 2818 
650 0 7 |a stopové prvky  |2 snkbucl  |9 29124 
655 7 |a články zo zborníkov  |2 snkbucl  |9 166140 
700 1 |a Orság, Andrej,  |d 1929-2010  |4 aut  |9 39142 
700 1 |a Káldy, A.  |4 aut  |9 597998 
700 1 |a Leukut, M.  |4 aut  |9 816321 
700 1 |a Sviatko, Peter,  |d 1951-  |4 aut  |9 10191 
700 1 |a Lovas, B.  |4 aut  |9 828027 
700 1 |a Bednárová, H.  |4 aut  |9 1123341 
773 0 |t Aktuálne zdravotné chirurgicko-ortopedické problémy veľkochovov a malých zvierat  |d Košice : VŠV, 1982 
850 |a Slovenská národná knižnica v Martine  |a MTA001 
852 |a SNK  |b KIS3GCP 
958 |a RK 
958 |a ME 
992 |a RZB 
999 |c 2637421  |d 2639351